| 000 | 00518nam a2200193 a 4500 | ||
|---|---|---|---|
| 001 | 001003524 | ||
| 003 | AM-YeHGA | ||
| 005 | 20250617150501.0 | ||
| 008 | 140221s ||| r 000 0 rus d | ||
| 040 | _aAM-YeHGA | ||
| 041 | 0 | _arus | |
| 100 | 1 |
_aСлонимский, Ю. _bБалет _cЮ. Слонимский |
|
| 245 | 1 | 1 | _a"Жизель.". |
| 260 |
_aЛенинград : _bAcademia, _cБ.г. |
||
| 300 | _a60 с. | ||
| 650 | 1 | 4 | _aБалетное искусство |
| 942 |
_2udc _cBK |
||
| 090 | _c333704 | ||
| 999 |
_c331939 _d331939 |
||